Cálculo de la evapotranspiración potencial para Chile
Salvato in:
| Autori principali: | , |
|---|---|
| Natura: | Libro |
| Lingua: | spagnolo |
| Pubblicazione: |
Chillán
s.n
1976
|
| Serie: | Boletín Técnico, 15
|
| Soggetti: | |
| Tags: |
Aggiungi Tag
Nessun Tag, puoi essere il primo ad aggiungerne!!
|
MARC
| LEADER | 00000nam a2200000 a 4500 | ||
|---|---|---|---|
| 001 | UCM7868 | ||
| 003 | CL-VaPUC | ||
| 008 | 030110e19760000CL |||||||||||||||||spa|d | ||
| 082 | 0 | 4 | |a 631.432 |b FER |2 21 |
| 100 | 0 | |a Ferreira S., Víctor |e author |9 473599 | |
| 700 | 0 | |a Valenzuela Avilés, Alejandro |e author |9 473600 | |
| 245 | 1 | 0 | |a Cálculo de la evapotranspiración potencial para Chile |
| 300 | |a 148 h | ||
| 942 | |c BK | ||
| 945 | |d 20030110 00:00:00 |a lriquelm | ||
| 260 | |a Chillán |b s.n |c 1976 | ||
| 500 | |a Incluye Anexos | ||
| 650 | 7 | |a CULTIVOS - EVAPOTRANSPIRACION |2 CL-VaPUC |9 473601 | |
| 650 | 7 | |a SUELO - EVAPORACION |2 CL-VaPUC |9 473602 | |
| 650 | 7 | |a CULTIVOS - TRANSPIRACION |2 CL-VaPUC |9 473603 | |
| 650 | 7 | |a ECUACIONES EMPIRICAS |2 CL-VaPUC |9 473604 | |
| 651 | 7 | |a CHILE |2 CL-VaPUC |9 473605 | |
| 583 | |a last modification |c 20130122 08:48:42 |k Rodrigo Vera | ||
| 490 | 0 | |a Boletín Técnico, 15 | |
| 999 | |c 302524 |d 302522 | ||